[Event "GER Seniors Derby 03rd"]
[Site "Undeloh"]
[Date "2004.04.17"]
[Round "5"]
[White "Predikant, Leo"]
[Black "Kerber, Wolfram"]
[Result "1/2-1/2"]
[WhiteElo "1596"]
[BlackElo "1748"]
[PlyCount "32"]
[EventDate "2004.04.15"]
[EventType "swiss"]
[EventRounds "7"]
[EventCountry "GER"]
[SourceTitle "EXT 2006"]
[Source "ChessBase"]
[SourceDate "2005.11.24"]
[SourceVersion "1"]
[SourceVersionDate "2005.11.24"]
[SourceQuality "1"]

1. e3 d5 2. f4 Nf6 3. Nf3 Bg4 4. Be2 Bxf3 5. Bxf3 e6 6. c4 c6 7. Qb3 Qc7 8. 0-0 Nbd7 9. d4 Qb6 10. c5 Qxb3 11. axb3 Be7 12. Nc3 0-0 13. b4 b6 14. Bd2 Rfb8 15. Ra2 b5 16. Rfa1 Rb7 1/2-1/2

[Event "GER Seniors Derby 03rd"]
[Site "Undeloh"]
[Date "2004.04.16"]
[Round "4"]
[White "Predikant, Leo"]
[Black "Busch, Arno"]
[Result "1-0"]
[WhiteElo "1596"]
[BlackElo "1643"]
[PlyCount "65"]
[EventDate "2004.04.15"]
[EventType "swiss"]
[EventRounds "7"]
[EventCountry "GER"]
[SourceTitle "EXT 2006"]
[Source "ChessBase"]
[SourceDate "2005.11.24"]
[SourceVersion "1"]
[SourceVersionDate "2005.11.24"]
[SourceQuality "1"]

1. e3 c5 2. f4 e6 3. Nf3 Nc6 4. Bb5 a6 5. Bxc6 bxc6 6. b3 Qf6 7. Nc3 d5 8. Bb2 Qg6 9. 0-0 f6 10. Na4 Rb8 11. Ba3 c4 12. Bxf8 Kxf8 13. Nd4 Qe8 14. Rb1 cxb3 15. axb3 g6 16. Qc1 Ne7 17. Qa3 Kf7 18. Qd6 Bd7 19. Nc5 Rd8 20. Ncxe6 Bxe6 21. Qxe6+ Kg7 22. Qh3 Rd6 23. f5 h6 24. fxg6 Qxg6 25. Rf3 Kf7 26. Rbf1 c5 27. Rg3 Qh7 28. Nf3 Ke8 29. d3 Rf8 30. Qh5+ Kd8 31. Ng5 Qg6 32. Ne6+ Rxe6 33. Rxg6 1-0